00664nam a2200193Ia 4500008004100000020001800041082001600059100001700075245006400092250000700156260003800163300002400201500001900225600002100244650005000265942000700315952013300322999001500455240925s9999 xx 000 0 und d a9788120335196 a005.447 MAC aMackin J. C. 0aConfiguring Windows Server 2008 Applications Infrastructure aNA aNew Delhi:bPrentice Hallc,2008. a384p.bNAfOriginal aIncludes Index aComputer Science aComputer science, information & general works cBK 001040708CSaUITUbUITUd2003-12-17eRoyal Book Company g1755.85l0o005.447 MACpQ5391r2024-09-25 07:13:50w2024-09-25yBK c7890d7890